000 00741nam a2200241Ia 4500
003 OSt
005 20221007081618.0
006 a|||||r|||| 00| 0
007 ta
008 221006b |||||||| |||| 00| 0 eng d
024 _a29,808
037 _cReports / Technical Reports
040 _aFLL
_cFLL
_beng
041 _2eng
_aeng
082 _aX:979D,2, K1
110 _aNational Industrial Corporation Board
_9697689
245 0 _aPreparing forcollective bargaining -II
260 _aNewYork
_bNational Industrial Conference Board, Inc.
_c1961
300 _a121p
_ccm.
700 _aNational Industrial Corporation Board
_9697690
942 _hX:979D,2, K1
_cREP
_2CC
999 _c1163702
_d1163702